000 00602nam a22001697a 4500
003 OSt
005 20171010095456.0
008 120705t xxu||||| |||| 00| 0 eng d
040 _aMMSU
_cULS
100 _aZaireen A. Nolasco
_910983
245 _aPerceptions of members in non-catholic organizations towards homosexuality in Batac City, Ilocos Norte
_cZaireen A. Nolasco
260 _c2008
300 _axiii, 44 leaves
_c28 cm.
500 _aThesis (AB Sociology) -- Mariano Marcos State University-College of Arts & Sciences, Batac City
504 _aBibliography: leaf 40
942 _2ddc
_cTHEDIS
999 _c9627
_d9627